Clyde, (Record no. 1155)

MARC details
000 -LEADER
fixed length control field 00649cam a2200253 4500
005 - DATE AND TIME OF LATEST TRANSACTION
control field 20260322212049.0
008 - FIXED-LENGTH DATA ELEMENTS--GENERAL INFORMATION
fixed length control field data
010 ## - LIBRARY OF CONGRESS CONTROL NUMBER
LC control number 77098177
020 ## - INTERNATIONAL STANDARD BOOK NUMBER
International Standard Book Number 0030851114
020 ## - INTERNATIONAL STANDARD BOOK NUMBER
International Standard Book Number 9780030851117
040 ## - CATALOGING SOURCE
Original cataloging agency DLC
Transcribing agency DLC
Modifying agency DLC
050 00 - LIBRARY OF CONGRESS CALL NUMBER
Classification number GV884.F7
Item number A3 1970
082 00 - DEWEY DECIMAL CLASSIFICATION NUMBER
Classification number 796.32/3/0924
001 - CONTROL NUMBER
control field data
100 1# - MAIN ENTRY--PERSONAL NAME
Personal name Frazier, Walt,
Dates associated with a name 1945-
245 10 - TITLE STATEMENT
Title Clyde,
Statement of responsibility, etc. Walt Frazier & Joe Jares.
250 ## - EDITION STATEMENT
Edition statement [1st ed.]
260 ## - PUBLICATION, DISTRIBUTION, ETC.
Place of publication, distribution, etc. New York,
Name of publisher, distributor, etc. Rutledge Book
Date of publication, distribution, etc. [1970]
300 ## - PHYSICAL DESCRIPTION
Extent 286 p.
Other physical details illus., ports.
Dimensions 22 cm.
350 ## - PRICE (NR) (BK AM CF MU VM SE) [OBSOLETE]
Price 6.95
500 ## - GENERAL NOTE
General note Autobiographical.
600 10 - SUBJECT ADDED ENTRY--PERSONAL NAME
Personal name Frazier, Walt,
Dates associated with a name 1945-
700 1# - ADDED ENTRY--PERSONAL NAME
Personal name Jares, Joe,
Dates associated with a name 1937-
Relator term joint author.
Holdings
Withdrawn status Lost status Damaged status Not for loan Home library Current library Shelving location Date acquired Total checkouts Full call number Barcode Date last seen Price effective from Koha item type
        Fairview Fairview General stacks 22/03/2026   796.32/3/0924 BC0011193 22/03/2026 22/03/2026 Books